00439 2200181 4500001002100000008004100021020002200062035002000084082000800104084001400112100001500126245001900141260003700160300002000197650001000217990001500227990001500242INLIS000000000003211 ind  a978-623-8829-69-9 a0010-1225000032 a813 a813 LIY i aLiye, Tere aILYcTere Liye aDepok :bPT Sabak Grip Nusantara a380c13,5x20 cm aFiksi a19658/B/26 a19659/B/26